000 00746nam a2200217 a 4500
001 000043889
005 20201002045029.0
008 140508s1997 sp ac 001 0 spa d
020 _a8437615879
040 _aDO-SdBNP
_bspa
_cBNPHU
100 1 _aGororotiza, Jorge
_971779
245 1 0 _aDirectores artísticos del cine Español /
_cJorge Gorostiza.
260 _aMadrid :
_bCátedra :
_bFilmoteca Española,
_c1997.
300 _a381 p. :
_bil. ;
_c24 cm.
490 1 _aCátedra/Filmoteca española
_aMayor
504 _aIncluye referencias bibliográficas y notas al pie de las páginas
650 4 _aCine español
_971780
650 4 _aEscenografía
_971781
650 4 _aEspaña
_971782
830 0 _aCátedra/Filmoteca española
_pMayor
_971783
999 _c43378
_d43378